China and India learning from each other

Salvato in:
Dettagli Bibliografici
Altri autori: Aziz, Jahangir, Dunaway, Steven, Prasad, Eswar S.
Natura: Libro
Lingua:inglese
Pubblicazione: Washington, D.C. International Monetary Fund 2006
Soggetti:
Tags: Aggiungi Tag
Nessun Tag, puoi essere il primo ad aggiungerne!!

MARC

LEADER 00000nam$a2200000$$$4500
001 0050743
005 20240104135325.7
020 |a 1-58906-519-0 
041 0 |a eng 
044 |a US 
245 1 0 |a China and India  |b learning from each other  |c [editors: Jahangir Aziz, Steven Dunaway, and Eswar Prasad] 
264 1 |a Washington, D.C.  |b International Monetary Fund  |c 2006 
300 |a xv, 281 s. 
610 2 0 |a Čína 
610 2 0 |a India 
610 2 0 |a bankovníctvo 
610 2 0 |a banky 
610 2 0 |a sústava finančná 
610 2 0 |a reformy 
610 2 0 |a papiere cenné 
610 2 0 |a trh burzový 
610 2 0 |a politika finančná 
610 2 0 |a liberalizácia 
610 2 0 |a trh finančný 
610 2 0 |a trh finančný medzinárodný 
610 2 0 |a politika menová 
610 2 0 |a pohyb síl pracovných medzinárodný 
610 2 0 |a rozvoj hospodársky 
610 2 0 |a spolupráca hospodárska medzinárodná 
700 1 |a Aziz, Jahangir 
700 1 |a Dunaway, Steven 
700 1 |a Prasad, Eswar S.